00246 a2200109 450000100060000008200150000610000160002124500410003726000270007830000140010550000170011992173 a297.18 AME aAmeer Hamza aHazoor e Aali Shan bachon ke Darmyan aLahorebAl-Suffac2015 a176p.bHb aGeneral Book